Impak pemikiran Ahmad Ibrahim terhadap pengajian undang-undang Islam di Malaysia /
Saved in:
| 主要作者: | |
|---|---|
| 格式: | Thesis 圖書 |
| 語言: | Malay |
| 主題: | |
| 標簽: |
添加標簽
沒有標簽, 成為第一個標記此記錄!
|
| LEADER | 01485cam a2200349 a 4500 | ||
|---|---|---|---|
| 001 | u770609 | ||
| 003 | SIRSI | ||
| 005 | 200711021601 | ||
| 008 | 071102s2008 my a t 000 0 may m | ||
| 040 | |a UMA |d UMM |e rda | ||
| 043 | |a a-my--- | ||
| 090 | |a BP42 |b A1 UM 2008 Mohba | ||
| 094 | |a BP42 |b A1 UM 2008 Mohba | ||
| 100 | 0 | |a Mohd. Badrol Awang |e author. | |
| 245 | 1 | 0 | |a Impak pemikiran Ahmad Ibrahim terhadap pengajian undang-undang Islam di Malaysia / |c Mohd. Badrol bin Awang. |
| 264 | 1 | |c 2008. | |
| 264 | 4 | |c 2008. | |
| 300 | |a xii, 130 leaves : |b illustrations ; |c 30 cm. | ||
| 336 | |a text |2 rdacontent | ||
| 337 | |a unmediated |2 rdamedia | ||
| 338 | |a volume |2 rdacarrier | ||
| 500 | |a Diselia oleh Prof. Madya Dr Rahimin Affandi Abdul Rahim. | ||
| 502 | |a Dissertation (M.Syariah) -- Jabatan Fiqh dan Usul, Akademi Pengajian Islam, Universiti Malaya, 2008. | ||
| 504 | |a Bibliography: Ieaves 118-130. | ||
| 600 | 0 | 0 | |a Ahmad Ibrahim, |c Tan Sri, |d 1916-1999. |
| 650 | 0 | |a Islamic law |x Study and teaching |z Malaysia. | |
| 710 | 2 | |a Universiti Malaya. |b Jabatan Fiqh dan Usul. | |
| 596 | |a 1 12 18 | ||
| 900 | |a JAR | ||
| 999 | |a BP42 A1 UM 2008 MOHBA |w LC |c 1 |i A513548386 |d 8/6/2022 |e 8/6/2022 |f 12/6/2009 |g 1 |l STACKS |m P12ISLAMKL |n 6 |r Y |s Y |t TESIS |u 15/5/2009 | ||
| 999 | |a BP42 A1 UM 2008 MOHBA |w LC |c 1 |i A512989252 |l RESERVES |m P18ISLPURI |r Y |s Y |t TESIS |u 11/8/2009 | ||
| 999 | |a BP42 A1 UM 2008 MOHBA |w LC |c 1 |i A513532307 |d 16/4/2014 |e 16/4/2014 |f 10/1/2011 |g 1 |l STACKS |m P01UTAMA |n 5 |r Y |s Y |t TESIS |u 10/1/2011 | ||
